000
00257nam a22001097a 4500
008
170119b xxu||||| |||| 00| 0 eng d
020
_a
9780803608818
041
_a
eng
080
_a
618.2
245
_a
NURSING HEALTH ASSESSMENT
_c
DILLON, P.M
942
_2
udc
_c
BK
999
_c
3164
_d
3164